AFC Asian Cup Winners - Sudden Death - Statistics

General Stats
  • This quiz has been taken 58 times
  • The average score is 6 of 9
Answers on the Grid
Answers color-coded by a green-red scale on the quiz's grid according to % correct below.
Australia
Bahrain
China
India
Indoneisa
Iran
Iraq
Israel
Japan
Jordan
Kuwait
Philipines
Qatar
Saudi Arabia
South Korea
Syria
Thailand
Turkey
United Arab Emirates
Uzbekistan
 
Answer Stats
Answer % Correct
Australia
89%
Japan
80%
South Korea
74%
Iran
69%
Qatar
66%
Saudi Arabia
66%
Iraq
57%
Israel
46%
Kuwait
37%
No matching quizzes found
Score Distribution
Percent of People with Each Score
Percentile by Number Answered
Your Score History
You have not taken this quiz